Odpisovanie vydražených nehnuteľností v jednoduchom účtovníctve

Riešenie problémov spojených s odpisovaním vydraženého hmotného majetku. Nadobúdatelia - fyzické osoby účtujúce v sústave jednoduchého účtovníctva. Daň z prevodu a prechodu nehnuteľnosti a vstupná cena. Rozdelenie vydraženej ceny na jednotlivé nehnuteľnosti. Začiatok odpisovania. Účtovanie nájomného...

Descrizione completa

Salvato in:
Dettagli Bibliografici
Autore principale: Kováčová, Zdenka
Natura: Capitolo di libro
Lingua:slovacco
Soggetti:
Tags: Aggiungi Tag
Nessun Tag, puoi essere il primo ad aggiungerne!!

MARC

LEADER 00000naa a2200000 4500
001 r034899
005 20230926081357.9
041 0 |a slo 
044 |a SK 
245 1 0 |a Odpisovanie vydražených nehnuteľností v jednoduchom účtovníctve  |c Zdenka Kováčová 
520 |a Riešenie problémov spojených s odpisovaním vydraženého hmotného majetku. Nadobúdatelia - fyzické osoby účtujúce v sústave jednoduchého účtovníctva. Daň z prevodu a prechodu nehnuteľnosti a vstupná cena. Rozdelenie vydraženej ceny na jednotlivé nehnuteľnosti. Začiatok odpisovania. Účtovanie nájomného na prenajaté pozemky. Pozemky - majetok vylúčený z odpisovania. Príjem z predaja pozemkov. Ilustračný príklad. 
610 2 0 |a odpisy 
610 2 0 |a nehnuteľnosti 
610 2 0 |a aukcie 
610 2 0 |a majetok hmotný 
610 2 0 |a účtovníctvo jednoduché 
610 2 0 |a pozemky 
610 2 0 |a nájomné 
100 1 |a Kováčová, Zdenka